Opvscvla Omnia Divi Thomae Aqvinatis Doctoris Angelici Quae ita magno studio ab innumeris vitijs sunt castigata, atque ita foeliciter suae pristinae integritati restituta, vt nunc primum ab Authoris sui manu in lucem emitti videantur. His etiam adiecimus in omnium Theologorum gratiam eiusdem Divi Thomae Commentaria, in Cantica Canticorvm, Iob, Ioannem, Et Apocalypsim, nunc demum maiori fide, ac studio, quam antehac vnquam castigatissima facta. Quorum omnium seriem tertia ab hac pagina indicabit

Bibliographic Details
Main Author: Tomáš Akvinský, svätý, 1225-1274 (Author)
Corporate Author: Giunta, Jacques de; excud. Penet, Hector (Lyon, Francúzsko) (Printer)
Other Authors: Giunta, Jacques de, dedičia, 16. storočie (Printer), Penet, Hector (Printer)
Format: Book
Language:Latin
PhysicalDescription:[40], 993, [19] strán 4° 35 cm
Published: Lvgdvni Apud haeredes Iacobi Iuntae M.D.LXII. [ = 1562]
Subjects:

MARC

LEADER 00000nam a2200000 a 4500
001 vtls008859871
003 SK-MaSNL
005 20260425224122.0
008 251112s1562 fr 0 lat
015 |a SNBHFA1562 
040 |a SNK  |b slo  |c SNK  |e AACR2 
041 0 |a lat 
044 |a fr  |c FR 
072 7 |a 2-1  |x Prirodzená teológia. Náboženská filozofia  |2 konspekt 
080 |a 2-1  |2 2011 
080 |a 101  |2 2011 
080 |a 141.31  |2 2011 
100 0 |a Tomáš Akvinský,  |c svätý,  |d 1225-1274  |4 aut  |9 156171 
245 1 |a Opvscvla Omnia Divi Thomae Aqvinatis Doctoris Angelici Quae ita magno studio ab innumeris vitijs sunt castigata, atque ita foeliciter suae pristinae integritati restituta, vt nunc primum ab Authoris sui manu in lucem emitti videantur. His etiam adiecimus in omnium Theologorum gratiam eiusdem Divi Thomae Commentaria, in Cantica Canticorvm, Iob, Ioannem, Et Apocalypsim, nunc demum maiori fide, ac studio, quam antehac vnquam castigatissima facta. Quorum omnium seriem tertia ab hac pagina indicabit 
260 |a Lvgdvni  |b Apud haeredes Iacobi Iuntae  |c M.D.LXII. [ = 1562]  |e Lvgdvni  |f Excudebat Hector Penet 
300 |a [40], 993, [19] strán  |c 4°  |c 35 cm 
500 |a Signet, vlysy, iniciálky s ornamentálnym a figurálnym pozadím vo voľnom priestore na 5-9 riadkov 
510 0 |a Adams A/1400 
561 |a Proveniencia: Oválna pečiatka Bibliotheca 0. FF. M. Prov. S. Mariae.  |5 SNK IB 39803 D1 
561 |a Z knižnice františkánov Bratislava.  |5 SNK IB 39803 D1 
562 |a Rukopisná poznámka na titulnom liste: Conuentus Posoniensus Ex pio Legato Georgij Branik. - Zacharias M ossoczj Eppus Tinn. a D. Emer Forgach habet. -.[...] sum Georgij Branik Ao 1640. - Emericij Forgach de Gym. Equitis. MDLXVIIII.  |5 SNK IB 39803 D1 
563 |a Väzba: reštaurovaná.  |5 SNK IB 39803 D1 
650 0 7 |a teológia  |2 SNKPH  |9 1814 
650 0 7 |a filozofia  |2 SNKPH  |9 793 
650 0 7 |a scholastika  |2 SNKPH  |9 2167 
700 1 |a Giunta, Jacques de,  |c dedičia,  |d 16. storočie  |4 prt  |9 172835 
700 1 |a Penet, Hector  |4 prt  |9 360053 
700 1 |a Mošovský, Zachariáš,  |d 1542-1587  |4 fmo  |9 158500 
700 1 |a Forgáč, Imrich,  |d okolo 1539-1599  |4 fmo  |9 127671 
700 1 |a Bránik, Juraj  |d 1640  |4 fmo  |9 360054 
710 0 |a Giunta, Jacques de; excud. Penet, Hector (Lyon, Francúzsko)  |4 prt  |9 360055 
710 1 |a Františkáni (Bratislava, Slovensko)  |4 fmo  |9 281881 
752 |a Francúzsko  |d Lyon 
852 |a snk  |b Historické fondy  |p IB 39803 D1 
999 |c 604685  |d 606615 
952 |t Fr Ba 13 664  |a SNK  |b SNK  |c SNK_HF  |y PREZ  |7 0  |p 17A1302143  |o snkIB 39803 D1  |i snk2018/26477  |8 5  |0 0  |1 0  |4 0  |d 2010-05-03  |l 0  |r 2026-02-23 16:05:26  |w 2026-02-23